Lift to the Scaffold = Ascenseur pour l'échafaud /

Segundo de los 25 largometrajes dirigidos por el cineasta Louis Malle (1932-1995), tras codirigir el documental El mundo silencioso (1956) con el oceanógrafo Jacques Cousteau, quien con base en una novela del escritor búlgaro de expresión francesa Noël Calef (1907-68) elaboró esta película policíaca...

Бүрэн тодорхойлолт

-д хадгалсан:
Номзүйн дэлгэрэнгүй
Үндсэн зохиолч: Malle, Louis (realización)
Бусад зохиолчид: Nimier, Roger (guión) (guión), Malle, Louis (guión) (guión), Decaë, Henri (fotógrafo) (fotógrafo), Azar, Léonide (montaje) (montaje), Davis, Miles (música) (música), Moreau, Jeanne (actuación) (actuación), Ronet, Maurice (actuación) (actuación), Poujouly, Georges (actuación) (actuación)
Формат: Гулсуулах
Хэл сонгох:франц
Хэвлэсэн: París, Francia : Nouvelles Editions de Films, 1957, c1957
Цуврал:(Optimum World. The Louis Malle Collection ; 1/1)
Нөхцлүүд:
Шошгууд: Шошго нэмэх
Шошго байхгүй, Энэхүү баримтыг шошголох эхний хүн болох!

MARC

LEADER 00000ngm^a2200000^a^4500
001 000290113
005 20250521000000.0
009 20260310111957.874
037 |a Acervo ITESO - Biblioteca 
041 |a FRA 
082 |a 840.  |b MAL V. 1 T. 1 
100 |a Malle, Louis  |e (realización) 
240 1 5 |a [The Louis Malle Collection] 
240 1 1 |a [Ascensor para el cadalso] 
240 1 1 |a [Elevator to the Gallows] 
245 1 0 |a Lift to the Scaffold =  |b Ascenseur pour l'échafaud /  |c Realización de L. Malle. 
246 2 |a Título en México: Ascensor para el cadalso 
246 2 |a También se conoce como Elevator to the Gallows 
264 4 |a París, Francia :  |b Nouvelles Editions de Films,  |c 1957, c1957 
264 2 |a Londres, Inglaterra :  |b Optimum Releasing [distribución],  |c 2006, c2006 
300 |a 1 DVD región 2 PAL (88 min.) :  |b blanco y negro 
336 |a imagen móvil bidimensional  |b tdi  |2 rdacontenido 
337 |a video  |b v  |2 rdamedio 
338 |a videodisco  |b vd  |2 rdasoporte 
440 1 |a (Optimum World.  |p The Louis Malle Collection ;  |v 1/1) 
500 |a Basado en: Ascensor para el patíbulo, de Noël Calef 
520 |a Segundo de los 25 largometrajes dirigidos por el cineasta Louis Malle (1932-1995), tras codirigir el documental El mundo silencioso (1956) con el oceanógrafo Jacques Cousteau, quien con base en una novela del escritor búlgaro de expresión francesa Noël Calef (1907-68) elaboró esta película policíaca sobre el crimen pasional que una pareja de amantes planifican y ejecutan, casi a la perfección, para deshacerse del esposo de la mujer. El asesino, sin embargo, queda atrapado en un elevador y mientras su amante lo busca toda la noche por París, se comete otro crimen, del que el hombre es acusado. 
546 |a En francés, con subtítulos opcionales: inglés 
586 |a Premio Louis-Delluc 1957 
649 |a XX 
650 |a Películas Policíacas 
650 |a Opera Prima 
650 |a Nouvelle Vague (Cine) 
650 |a Cine en Blanco y Negro -  |z Francia 
650 |a Cine Francés -  |y 1950-1959 
650 |a Cine Francés -  |y Siglo XX 
650 |a Novela Francesa -  |x Adaptaciones para Cine 
650 |a Literatura Francesa -  |y Siglo XX -  |x Adaptaciones para Cine 
650 |a Literatura y Cine 
650 |a Infidelidad 
650 |a Relaciones de Pareja 
650 |a Relaciones Intergénero 
650 |a Uxoricidio -  |x Tema Principal 
650 |a Crimen Pasional -  |x Tema Principal 
650 |a Asesinato 
650 |a Elevadores y Montacargas en el Cine 
700 |a Nimier, Roger  |e (guión) 
700 |a Malle, Louis  |e (guión) 
700 |a Decaë, Henri  |e (fotógrafo) 
700 |a Azar, Léonide  |e (montaje) 
700 |a Davis, Miles  |e (música) 
700 |a Moreau, Jeanne  |e (actuación) 
700 |a Ronet, Maurice  |e (actuación) 
700 |a Poujouly, Georges  |e (actuación) 
910 |a Fondo General 
920 |a Audiovisuales - DVDs 
940 |a Películas 
905 |a 308 
901 |a 0500162989  |b IT2  |c DVR  |u 20250521 
902 |a https://opac.biblio.iteso.mx/vufind/Record/000290113